| 000 | 00000nas##2200000za#4500 |
| 001 | 9.514720 |
| 003 | CaOODSP |
| 005 | 20210615082910 |
| 007 | ta |
| 008 | 150406c2000||||xxc|| m #||||f| |0eng|d |
| 040 | |aCaOODSP|beng |
| 043 | |an-cn--- |
| 086 | 1 |aH39-153E |
| 110 | 1 |aCanada. |bHealth Canada. |
| 245 | 10|aPostpartum Parent Support Program : |binformation sheets and questionnaire |
| 260 | |aOttawa - Ontario : |bHealth Canada |
| 520 | 3 |aThese information sheets discuss a range of important topics for parents of newborn babies. Part of the Postpartum Parent Support Program, the topics covered include bathing; breastfeeding; caesarean births; care of the foreskin; circumcision; cord care; being a new grandparent; home safety; breast milk; jaundice; the danger of shaking babies; exercise after a vaginal birth; postpartum adjustment; and sexuality after giving birth. There’s also a questionnaire called “You and Your New Baby.” Each topic is available in packages of 25. Intended for health care professionals implementing the program. |
| 563 | |aSoftcover |
| 690 | 07|aInfant care|2gcpds |
| 690 | 07|aInfant nutrition|2gcpds |
| 690 | 07|aPerinatal care|2gcpds |
| 775 | 08|tProgramme d'aide postnatale aux parents : |w(CaOODSP)9.513080 |